000 00534nam a2200181Ia 4500
999 _c11073
_d11073
003 OSt
005 20191218143140.0
008 190216s9999||||xx |||||||||||||| ||und||
020 _a9788183872973
040 _coclc
082 _a338.95483
_bGHO/T
100 _aGhosh, B N
_9539
245 0 _aThe Economy Of Kerala /
_cB N Ghosh ; Padmaja D Namboodiri
260 _bSerials Publications,
_c2009.
_aNew Delhi:
300 _a310p
650 _aEconomics
942 _cBK
_2ddc
_h338.95483
_iGHO/T
_k338.95483
_mGHO/T